000 00588cab a2200217 4500
001 WB2911-66
008 090401t1993 xxu||||| |||| 00| 0 eng d
035 _a(Sirsi) u72551
041 _aeng
245 _aUBR causing chaos
260 _c1993
350 _a0
490 _aEstates Times
_v(1180) 12 March 1993, 24(1)
520 _aThere are currently around half a million business rate appeals awaiting a hearing.
650 _aBACKLOG
650 _aRATING APPEALS
650 _aUNIFORM BUSINESS RATE
690 _aRATING AND VALUATION
942 _n0
948 _c04/03/1997
999 _c45850
_d45850